Unternehmen zwischen Sponsoring und Mäzenatentum Motive, Chancen und Grenzen unternehmerischen Kunstengagements

Salvato in:
Dettagli Bibliografici
Autore principale: Becker, Bettina M.
Natura: Libro
Lingua:tedesco
Pubblicazione: Frankfurt am Main Campus 1994
Edizione:1. Aufl.
Soggetti:
Tags: Aggiungi Tag
Nessun Tag, puoi essere il primo ad aggiungerne!!

MARC

LEADER 00000nam a2200000 4500
001 c012068
005 20221205141150.1
020 |a 3-593-35102-1 
041 0 |a ger 
044 |a DE 
245 1 0 |a Unternehmen zwischen Sponsoring und Mäzenatentum  |b Motive, Chancen und Grenzen unternehmerischen Kunstengagements  |c Bettina M. Becker 
250 |a 1. Aufl. 
264 1 |a Frankfurt am Main  |b Campus  |c 1994 
300 |a 224 s. 
610 2 0 |a umenie 
610 2 0 |a podnikanie 
610 2 0 |a kultúra 
610 2 0 |a sponzorovanie 
100 1 |a Becker, Bettina M.